| 000 | 00573nam a22001817a 4500 | ||
|---|---|---|---|
| 005 | 20251108173306.0 | ||
| 008 | 250721s2001 xx 000 0 eng d | ||
| 020 | _a9953102066 | ||
| 082 | 1 | 4 | _aJ/R/423.1/BAB |
| 245 | 1 | 0 | _ababy todder's big books everything : english - arabic / |
| 246 | 1 | 1 | _aسلسلة القواميس المصورة قاموس كل شيء للصغار |
| 264 | 1 |
_aبيروت : _bمكتبة لبنان, _c2001. |
|
| 300 | _a61p | ||
| 650 | 1 | 7 | _aDICTIONARIES |
| 653 | _aناشئون صغار (10-14) سنة | ||
| 942 |
_2ddc _cBK |
||
| 999 |
_c100536 _d100536 |
||